| 000 | 00378nam a2200133Ia 4500 | ||
|---|---|---|---|
| 008 | 230917s9999||||xx |||||||||||||| ||und|| | ||
| 040 |
_e181034 _aMAIN |
||
| 041 | _aEnglish | ||
| 082 | _a34:368 E73E | ||
| 245 | 4 | _aThe employees' state insurance act, 1948 together with rules and regulations | |
| 260 |
_aLucknow _bEastern Book Company _c1978 |
||
| 300 | _a145 p. | ||
| 942 | _cBK | ||
| 999 |
_c202196 _d202196 |
||